| Tag |
First Indicator |
Second Indicator |
Subfields |
| LEADER |
00000cam a2200000 i 4500 |
| 001 |
in00002784461 |
| 005 |
20150922145739.0 |
| 008 |
760421s1975 dcua b f001 0 eng |
| 010 |
|
|
|a 74600121
|
| 035 |
|
|
|a (OCoLC)ocm02212730
|
| 035 |
|
|
|a (OCoLC)2212730
|
| 040 |
|
|
|a DLC
|c DLC
|d OWU
|d OCLCG
|d AST
|d UtOrBLW
|
| 043 |
|
|
|a n-us-ak
|
| 049 |
|
|
|a TXAM
|
| 050 |
0 |
4 |
|a QE84.A37
|b R42
|
| 082 |
0 |
|
|a 557.98/2
|
| 086 |
0 |
|
|a I 19.16:792
|
| 245 |
0 |
0 |
|a Reconnaissance geology of Chichagof, Baranof, and Kruzof Islands, southeastern Alaska /
|c by Robert A. Loney [and others].
|
| 264 |
|
1 |
|a Washington :
|b U.S. Govt. Print. Off,
|c 1975.
|
| 300 |
|
|
|a vii, 105 pages :
|b illustrations (4 folded in pocket) ;
|c 30 cm.
|
| 336 |
|
|
|a text
|b txt
|2 rdacontent
|
| 337 |
|
|
|a unmediated
|b n
|2 rdamedia
|
| 338 |
|
|
|a volume
|b nc
|2 rdacarrier
|
| 490 |
1 |
|
|a Geological Survey professional paper ;
|v 792
|
| 504 |
|
|
|a Bibliography: pages 94-97.
|
| 500 |
|
|
|a Includes index.
|
| 650 |
|
0 |
|a Geology
|z Alaska
|z Alexander Archipelago.
|
| 700 |
1 |
|
|a Loney, Robert Ahlberg,
|d 1922-
|
| 710 |
2 |
|
|a Geological Survey (U.S.)
|
| 830 |
|
0 |
|a Geological Survey professional paper ;
|v 792.
|
| 948 |
|
|
|a cataloged
|b h
|c 2012/11/26
|d c
|e mvaldespin
|f 01:26:35 pm
|
| 994 |
|
|
|a C0
|b TXA
|
| 999 |
|
|
|a MARS
|
| 999 |
f |
f |
|s a546713b-609e-3974-b4a2-187103ac4880
|i 0e06a1f7-861f-333f-90f2-b5766087c9e8
|t 0
|
| 952 |
f |
f |
|p normal
|a Texas A&M University
|b College Station
|c Sterling C. Evans Library
|d Evans: US Documents (Annex 5th floor)
|t 0
|e I 19.16:788-795
|h Superintendent of Documents classification
|i unmediated -- volume
|m A14839375251
|
| 952 |
f |
f |
|a Texas A&M University
|b College Station
|c Sterling C. Evans Library
|d Evans: US Documents (Annex 5th floor)
|t 0
|e I 19.16:788-795
|h Superintendent of Documents classification
|
| 998 |
f |
f |
|a I 19.16:788-795
|t 0
|l Evans: US Documents (Annex 5th floor)
|